<?xml version="1.0" encoding="UTF-8"?>
<record
    xmlns:xsi="http://www.w3.org/2001/XMLSchema-instance"
    xsi:schemaLocation="http://www.loc.gov/MARC21/slim http://www.loc.gov/standards/marcxml/schema/MARC21slim.xsd"
    xmlns="http://www.loc.gov/MARC21/slim">

  <leader>00835nam a2200253 i 4500</leader>
  <controlfield tag="001">bg</controlfield>
  <datafield tag="100" ind1="1" ind2=" ">
    <subfield code="a">LEINECKER, Richard C.</subfield>
  </datafield>
  <datafield tag="245" ind1="1" ind2="0">
    <subfield code="a">Visual C ++ 6 :</subfield>
    <subfield code="b">vademecum profesjonalisty /</subfield>
    <subfield code="c">Richard C. Leinecker, Tom Archer ; [t&#x142;. z ang. Marcin Pancewicz].</subfield>
  </datafield>
  <datafield tag="246" ind1=" " ind2=" ">
    <subfield code="i">Tyt. oryg.:</subfield>
    <subfield code="a">Visual C++ Bible</subfield>
  </datafield>
  <datafield tag="260" ind1=" " ind2=" ">
    <subfield code="a">Warszawa :</subfield>
    <subfield code="b">HELION,</subfield>
    <subfield code="c">cop. 2000.</subfield>
  </datafield>
  <datafield tag="300" ind1=" " ind2=" ">
    <subfield code="a">1204 s. :</subfield>
    <subfield code="b">rys. ;</subfield>
    <subfield code="c">25 cm +</subfield>
    <subfield code="e">CD ROM.</subfield>
  </datafield>
  <datafield tag="500" ind1=" " ind2=" ">
    <subfield code="a">Tyt. oryg.: "Visual C++ Bible".</subfield>
  </datafield>
  <datafield tag="650" ind1=" " ind2="9">
    <subfield code="a">Visual C++</subfield>
  </datafield>
  <datafield tag="655" ind1=" " ind2=" ">
    <subfield code="a">Podr&#x119;czniki</subfield>
  </datafield>
  <datafield tag="700" ind1="1" ind2=" ">
    <subfield code="a">ARCHER, Tom</subfield>
  </datafield>
  <datafield tag="020" ind1=" " ind2=" ">
    <subfield code="a">8371972601</subfield>
  </datafield>
  <datafield tag="040" ind1=" " ind2=" ">
    <subfield code="c">BPK</subfield>
  </datafield>
  <datafield tag="041" ind1="1" ind2=" ">
    <subfield code="a">pl</subfield>
    <subfield code="h">en</subfield>
  </datafield>
  <datafield tag="080" ind1=" " ind2=" ">
    <subfield code="a">004.438(07)Visual C++</subfield>
  </datafield>
  <datafield tag="920" ind1=" " ind2=" ">
    <subfield code="a">83-7197-260-1</subfield>
  </datafield>
  <datafield tag="942" ind1=" " ind2=" ">
    <subfield code="c">KS</subfield>
  </datafield>
  <controlfield tag="008">      s        pl     f     |000 0 pol  </controlfield>
  <datafield tag="856" ind1=" " ind2=" ">
    <subfield code="u">http://koha.tu.koszalin.pl/cgi-bin/koha/opac-detail.pl?biblionumber=38132</subfield>
    <subfield code="y">Katalog online BPK</subfield>
  </datafield>
  <datafield tag="999" ind1=" " ind2=" ">
    <subfield code="c">38132</subfield>
    <subfield code="d">38132</subfield>
  </datafield>
  <datafield tag="952" ind1=" " ind2=" ">
    <subfield code="0">0</subfield>
    <subfield code="1">0</subfield>
    <subfield code="4">0</subfield>
    <subfield code="7">0</subfield>
    <subfield code="a">BPK</subfield>
    <subfield code="b">BPK</subfield>
    <subfield code="c">w</subfield>
    <subfield code="o">54786</subfield>
    <subfield code="p">01503128</subfield>
    <subfield code="q">2026-08-08</subfield>
    <subfield code="y">KS</subfield>
  </datafield>
  <datafield tag="952" ind1=" " ind2=" ">
    <subfield code="0">0</subfield>
    <subfield code="1">0</subfield>
    <subfield code="4">0</subfield>
    <subfield code="7">1</subfield>
    <subfield code="a">BPK</subfield>
    <subfield code="b">BPK</subfield>
    <subfield code="c">c</subfield>
    <subfield code="o">54925</subfield>
    <subfield code="p">01501735</subfield>
    <subfield code="t">004.43 Jp</subfield>
    <subfield code="y">KS</subfield>
  </datafield>
  <datafield tag="952" ind1=" " ind2=" ">
    <subfield code="0">0</subfield>
    <subfield code="1">0</subfield>
    <subfield code="4">0</subfield>
    <subfield code="7">0</subfield>
    <subfield code="a">BPK</subfield>
    <subfield code="b">BPK</subfield>
    <subfield code="c">w</subfield>
    <subfield code="o">55777</subfield>
    <subfield code="p">01512496</subfield>
    <subfield code="s">2016-02-11</subfield>
    <subfield code="y">KS</subfield>
  </datafield>
  <datafield tag="952" ind1=" " ind2=" ">
    <subfield code="0">0</subfield>
    <subfield code="1">0</subfield>
    <subfield code="4">0</subfield>
    <subfield code="7">0</subfield>
    <subfield code="a">BPK</subfield>
    <subfield code="b">BPK</subfield>
    <subfield code="c">w</subfield>
    <subfield code="o">76436</subfield>
    <subfield code="p">02274300</subfield>
    <subfield code="y">KS</subfield>
  </datafield>
  <datafield tag="952" ind1=" " ind2=" ">
    <subfield code="0">0</subfield>
    <subfield code="1">0</subfield>
    <subfield code="4">0</subfield>
    <subfield code="7">0</subfield>
    <subfield code="a">BPK</subfield>
    <subfield code="b">BPK</subfield>
    <subfield code="c">w</subfield>
    <subfield code="o">76437</subfield>
    <subfield code="p">02274294</subfield>
    <subfield code="y">KS</subfield>
  </datafield>
</record>
